[Event "Rilton Cup 43rd"]
[Site "Stockholm"]
[Date "2014.01.03"]
[Round "7"]
[White "Luukkonen, Tommi"]
[Black "Bejtovic, Jasmin"]
[Result "1-0"]
[WhiteElo "2285"]
[BlackElo "2402"]
[PlyCount "73"]
[EventDate "2013.12.27"]
[EventType "swiss"]
[EventRounds "9"]
[EventCountry "SWE"]
[SourceTitle "CBM 158 Extra"]
[Source "ChessBase"]
[SourceDate "2014.02.28"]
[SourceVersion "1"]
[SourceVersionDate "2014.02.28"]
[SourceQuality "1"]

1. d4 Nf6 2. c4 g6 3. Nc3 Bg7 4. e4 d6 5. f3 0-0 6. Be3 a6 7. Qd2 Nbd7 8. Nh3 c5 9. Nf2 cxd4 10. Bxd4 b6 11. Be2 Bb7 12. 0-0 Re8 13. Rfd1 Rc8 14. Rac1 Bf8 15. Nd5 e6 16. Nxf6+ Nxf6 17. Kh1 h5 18. b4 Nd7 19. a3 Qc7 20. Be3 Kh7 21. Bg5 Qb8 22. Qf4 f6 23. Bxf6 Nxf6 24. Qxf6 Bg7 25. Qh4 Bh6 26. g4 Bxc1 27. Rxc1 Qc7 28. gxh5 g5 29. Qxg5 Rg8 30. Qe3 Qe7 31. Rd1 b5 32. c5 dxc5 33. Ng4 Rg5 34. Rd7 Qxd7 35. Nf6+ Kh8 36. Nxd7 Rcg8 37. Nf6 1-0

[Event "Milan Crespi op-A 34th"]
[Site "Milan"]
[Date "2013.12.07"]
[Round "8"]
[White "Rusev, Krasimir"]
[Black "Bejtovic, Jasmin"]
[Result "1/2-1/2"]
[WhiteElo "2539"]
[BlackElo "2394"]
[PlyCount "24"]
[EventDate "2013.11.30"]
[EventType "swiss"]
[EventRounds "9"]
[EventCountry "ITA"]
[SourceTitle "CBM 157 Extra"]
[Source "ChessBase"]
[SourceDate "2013.12.19"]
[SourceVersion "1"]
[SourceVersionDate "2013.12.19"]
[SourceQuality "1"]

1. d4 Nf6 2. g3 g6 3. Bg2 Bg7 4. e4 d6 5. Ne2 0-0 6. 0-0 e5 7. Nbc3 Nbd7 8. h3 c6 9. Be3 Re8 10. g4 Nf8 11. Qd2 Qc7 12. Ng3 Ne6 1/2-1/2

[Event "Milan Crespi op-A 34th"]
[Site "Milan"]
[Date "2013.12.01"]
[Round "2"]
[White "Bejtovic, Jasmin"]
[Black "Gagliardi, Christian"]
[Result "1-0"]
[WhiteElo "2394"]
[BlackElo "2216"]
[PlyCount "75"]
[EventDate "2013.11.30"]
[EventType "swiss"]
[EventRounds "9"]
[EventCountry "ITA"]
[SourceTitle "CBM 157 Extra"]
[Source "ChessBase"]
[SourceDate "2013.12.19"]
[SourceVersion "1"]
[SourceVersionDate "2013.12.19"]
[SourceQuality "1"]

1. e4 c5 2. d3 Nc6 3. g3 e6 4. Bg2 Nf6 5. f4 d5 6. e5 Nd7 7. Nf3 Be7 8. 0-0 0-0 9. c4 Nb6 10. Nbd2 a5 11. Qe2 f5 12. Rd1 d4 13. Nf1 Bd7 14. h3 Na4 15. g4 g6 16. Ng3 Rb8 17. gxf5 gxf5 18. Ng5 h6 19. N5e4 fxe4 20. Qg4+ Kh8 21. Qg6 Rf7 22. Qxf7 e3 23. Qg6 Qg8 24. Qxh6+ Qh7 25. Qxh7+ Kxh7 26. Ne2 Bh4 27. Kf1 Rf8 28. Be4+ Kh8 29. b3 Nc3 30. Nxc3 Rxf4+ 31. Kg2 Rf2+ 32. Kh1 Nxe5 33. Bxe3 dxe3 34. Re1 Nf3 35. Re2 Bf6 36. Rxf2 exf2 37. Bxf3 Bxc3 38. Rf1 1-0

[Event "Milan Crespi op-A 34th"]
[Site "Milan"]
[Date "2013.11.30"]
[Round "1"]
[White "Motola, Jacopo"]
[Black "Bejtovic, Jasmin"]
[Result "0-1"]
[WhiteElo "2073"]
[BlackElo "2394"]
[PlyCount "118"]
[EventDate "2013.11.30"]
[EventType "swiss"]
[EventRounds "9"]
[EventCountry "ITA"]
[SourceTitle "CBM 157 Extra"]
[Source "ChessBase"]
[SourceDate "2013.12.19"]
[SourceVersion "1"]
[SourceVersionDate "2013.12.19"]
[SourceQuality "1"]

1. e4 c5 2. Nf3 e6 3. d4 cxd4 4. Nxd4 Nc6 5. Nc3 Qc7 6. g3 a6 7. Bg2 d6 8. 0-0 Bd7 9. a4 Nf6 10. Nb3 Be7 11. Kh1 0-0 12. f4 Nb4 13. Qe2 Rac8 14. Be3 Qc4 15. Qxc4 Rxc4 16. Rfc1 d5 17. Na5 Rc7 18. Bb6 Rcc8 19. e5 Ng4 20. h3 Nh6 21. Nxb7 Nf5 22. g4 d4 23. Ne2 Ne3 24. Be4 Nexc2 25. Rab1 d3 26. Nc3 Bc6 27. Nd6 Bxe4+ 28. Ncxe4 Rc6 29. Ba5 Nd5 30. Bd2 Rb8 31. Nf2 Rb3 32. Nde4 Bh4 33. Kg1 f6 34. exf6 gxf6 35. Nc3 Nxc3 36. bxc3 Bxf2+ 37. Kxf2 Rcb6 38. Rxb3 Rxb3 39. Kf3 f5 40. gxf5 exf5 41. Rg1+ Kf7 42. Rg5 Ke6 43. Rh5 Rb1 44. c4 Rf1+ 45. Kg3 Rd1 46. Bc3 d2 47. Rh6+ Kf7 48. Bxd2 Rxd2 49. Rxh7+ Kg6 50. Rb7 Rd6 51. c5 Rc6 52. Rb6 Nd4 53. Rxc6+ Nxc6 54. h4 Kh5 55. Kh3 Nd4 56. Kg3 a5 57. Kh3 Ne6 58. c6 Nxf4+ 59. Kg3 Nd5 0-1

[Event "SWE-chT 1314"]
[Site "Sweden"]
[Date "2013.11.23"]
[Round "2.3"]
[White "Bejtovic, Jasmin"]
[Black "Westerberg, Jonathan"]
[Result "1-0"]
[WhiteElo "2394"]
[BlackElo "2414"]
[PlyCount "133"]
[EventDate "2013.11.22"]
[EventType "team-tourn"]
[EventRounds "9"]
[EventCountry "SWE"]
[SourceTitle "CBM 157 Extra"]
[Source "ChessBase"]
[SourceDate "2013.12.19"]
[SourceVersion "1"]
[SourceVersionDate "2013.12.19"]
[SourceQuality "1"]
[WhiteTeam "Eksjo"]
[BlackTeam "Stockholm Viking"]
[WhiteTeamCountry "SWE"]
[BlackTeamCountry "SWE"]

1. e4 c5 2. d3 Nc6 3. g3 g6 4. Bg2 Bg7 5. f4 d6 6. Nf3 e6 7. 0-0 Nge7 8. c3 0-0 9. Na3 Rb8 10. Be3 b6 11. Nc2 f5 12. exf5 gxf5 13. d4 Qc7 14. Re1 Bd7 15. Bf2 Nd8 16. Ne3 cxd4 17. cxd4 Bc6 18. Rc1 Qd7 19. Ng5 Bxg2 20. Kxg2 d5 21. Nc2 Nc8 22. Nf3 Nd6 23. Ne5 Qb7 24. Nb4 a5 25. Nbd3 N8f7 26. Qa4 Rbc8 27. Qd7 Bxe5 28. Qxb7 Nxb7 29. fxe5 Ng5 30. Be3 Ne4 31. Rf1 a4 32. Nf4 Kf7 33. g4 Rg8 34. Kh1 Na5 35. gxf5 exf5 36. Nxd5 Nc4 37. Bg1 Nxb2 38. Rxc8 Rxc8 39. Nxb6 Rc2 40. Rxf5+ Kg6 41. Rf8 Re2 42. d5 Nd3 43. e6 Ng5 44. Nxa4 Kg7 45. Rf1 Nh3 46. Nc3 Rb2 47. Bd4+ Kh6 48. e7 Nhf2+ 49. Bxf2 Nxf2+ 50. Rxf2 Rxf2 51. e8Q Rf1+ 52. Kg2 Ra1 53. Qe3+ Kg6 54. Qd2 Kg7 55. h4 Kh8 56. h5 Kg8 57. d6 Kg7 58. d7 Kf7 59. Qb2 Ke7 60. Qxa1 Kd8 61. Kf3 Kxd7 62. Ke4 Kd6 63. Qb2 Kc7 64. Kd5 h6 65. Ne4 Kc8 66. Kd6 Kd8 67. Qh8# 1-0

[Event "SWE-chT 1314"]
[Site "Sweden"]
[Date "2013.11.22"]
[Round "1.5"]
[White "Andersson, Fredrik"]
[Black "Bejtovic, Jasmin"]
[Result "1/2-1/2"]
[WhiteElo "2280"]
[BlackElo "2394"]
[PlyCount "55"]
[EventDate "2013.11.22"]
[EventType "team-tourn"]
[EventRounds "9"]
[EventCountry "SWE"]
[SourceTitle "CBM 157 Extra"]
[Source "ChessBase"]
[SourceDate "2013.12.19"]
[SourceVersion "1"]
[SourceVersionDate "2013.12.19"]
[SourceQuality "1"]
[WhiteTeam "Upsala"]
[BlackTeam "Eksjo"]
[WhiteTeamCountry "SWE"]
[BlackTeamCountry "SWE"]

1. e4 c5 2. Nf3 e6 3. d4 cxd4 4. Nxd4 Nc6 5. Nc3 Qc7 6. Be3 a6 7. Qd2 Nf6 8. 0-0-0 Bb4 9. f3 0-0 10. g4 b5 11. g5 Ne8 12. Nxc6 dxc6 13. Qf2 e5 14. Bc5 Bxc5 15. Qxc5 Be6 16. h4 Rb8 17. h5 f6 18. g6 h6 19. Bh3 Bxh3 20. Rxh3 Qc8 21. Rh2 Qe6 22. Qa7 Rc8 23. Rd7 b4 24. Na4 Qxa2 25. Nb6 Qa1+ 26. Kd2 Qg1 27. Re2 Rc7 28. Rxc7 1/2-1/2

[Event "Gothenburg Manhem-A"]
[Site "Gothenburg"]
[Date "2013.08.16"]
[Round "9"]
[White "Semcesen, Daniel"]
[Black "Bejtovic, Jasmin"]
[Result "1-0"]
[WhiteElo "2486"]
[BlackElo "2392"]
[PlyCount "60"]
[EventDate "2013.08.10"]
[EventType "tourn"]
[EventRounds "9"]
[EventCountry "SWE"]
[EventCategory "10"]
[SourceTitle "CBM 155 Extra"]
[Source "ChessBase"]
[SourceDate "2013.08.26"]
[SourceVersion "1"]
[SourceVersionDate "2013.08.26"]
[SourceQuality "1"]

1. d4 Nf6 2. c4 g6 3. Nc3 Bg7 4. e4 d6 5. h3 0-0 6. Nf3 e5 7. d5 a5 8. g4 Na6 9. Be3 c6 10. Nd2 Nc5 11. Be2 Nfd7 12. Rg1 a4 13. Qc2 Qa5 14. a3 cxd5 15. cxd5 Nb6 16. h4 Bd7 17. g5 Rfc8 18. Rg3 Bf8 19. Kf1 Rc7 20. Kg2 Be8 21. Rh1 Rac8 22. h5 Nb3 23. Nxb3 axb3 24. Qxb3 Na4 25. hxg6 hxg6 26. Bg4 Ra8 27. Bd2 b5 28. Rgh3 Bg7 29. Nb1 Qb6 30. Rh7 Bf8 1-0

[Event "Gothenburg Manhem-A"]
[Site "Gothenburg"]
[Date "2013.08.15"]
[Round "8"]
[White "Bejtovic, Jasmin"]
[Black "Blomqvist, Erik"]
[Result "0-1"]
[WhiteElo "2392"]
[BlackElo "2503"]
[PlyCount "82"]
[EventDate "2013.08.10"]
[EventType "tourn"]
[EventRounds "9"]
[EventCountry "SWE"]
[EventCategory "10"]
[SourceTitle "CBM 155 Extra"]
[Source "ChessBase"]
[SourceDate "2013.08.26"]
[SourceVersion "1"]
[SourceVersionDate "2013.08.26"]
[SourceQuality "1"]

1. e4 c5 2. Nc3 Nc6 3. Bb5 Nd4 4. Bc4 e6 5. Nge2 Nf6 6. 0-0 a6 7. a4 d5 8. exd5 exd5 9. Ba2 Bg4 10. f3 Bf5 11. d3 Nxe2+ 12. Qxe2+ Be7 13. Bg5 0-0 14. Rae1 Be6 15. f4 Re8 16. f5 Bd7 17. Qf3 d4 18. Rxe7 Qxe7 19. Nd5 Qe5 20. Nxf6+ gxf6 21. Qh5 Re7 22. Qh6 Bc6 23. Bxf6 Qe3+ 24. Qxe3 Rxe3 25. Rf4 Rae8 26. Rg4+ Kf8 27. h4 Re1+ 28. Kh2 R8e2 29. Rg7 Rf1 30. Rxf7+ Ke8 31. Rg7 Rxf5 32. Rg8+ Kd7 33. Rg7+ Kc8 34. Rg8+ Kc7 35. Bd8+ Kd7 36. Bb6 Bxa4 37. Rd8+ Kc6 38. Ba7 Bxc2 39. Rc8+ Kb5 40. Bc4+ Kb4 41. Bb6 Bb3 0-1

[Event "BIH-chT 12th"]
[Site "Sarajevo"]
[Date "2013.06.21"]
[Round "7.3"]
[White "Burovic, Ismet"]
[Black "Bejtovic, Jasmin"]
[Result "1-0"]
[WhiteElo "2351"]
[BlackElo "2397"]
[PlyCount "81"]
[EventDate "2013.06.15"]
[EventType "team-tourn"]
[EventRounds "9"]
[EventCountry "BIH"]
[SourceTitle "CBM 155 Extra"]
[Source "ChessBase"]
[SourceDate "2013.08.26"]
[SourceVersion "1"]
[SourceVersionDate "2013.08.26"]
[SourceQuality "1"]
[WhiteTeam "Sarajevo Alpong"]
[BlackTeam "Sarajevo Napredak"]
[WhiteTeamCountry "BIH"]
[BlackTeamCountry "BIH"]

1. e4 c5 2. d3 Nc6 3. f4 g6 4. Nf3 Bg7 5. c3 Nf6 6. Be3 d6 7. h3 0-0 8. g4 c4 9. Nbd2 cxd3 10. Bxd3 e5 11. f5 d5 12. Qc2 dxe4 13. Nxe4 Nd5 14. Bg5 Qb6 15. f6 Bh8 16. Qf2 Nf4 17. Bxf4 exf4 18. Qxb6 axb6 19. g5 h6 20. h4 Bg4 21. 0-0 Rfe8 22. Nh2 Bf5 23. Rxf4 hxg5 24. hxg5 Rad8 25. Bc2 Rd5 26. Nf3 Ne5 27. Nd4 Nc4 28. Nxf5 Rxf5 29. Rxf5 gxf5 30. Ng3 Ne3 31. Bxf5 Nxf5 32. Nxf5 Re5 33. Rf1 Kh7 34. Kg2 Kg6 35. Nh4+ Kh5 36. Nf3 Re2+ 37. Kg3 Kg6 38. Rh1 Bxf6 39. Rh6+ Kg7 40. Rxf6 Rxb2 41. Ne5 1-0

[Event "Sarajevo Bosna op-A 43rd"]
[Site "Sarajevo"]
[Date "2013.06.07"]
[Round "8"]
[White "Kadric, Denis"]
[Black "Bejtovic, Jasmin"]
[Result "1-0"]
[WhiteElo "2460"]
[BlackElo "2397"]
[PlyCount "51"]
[EventDate "2013.06.01"]
[EventType "swiss"]
[EventRounds "9"]
[EventCountry "BIH"]
[SourceTitle "CBM 154 Extra"]
[Source "ChessBase"]
[SourceDate "2013.06.25"]
[SourceVersion "2"]
[SourceVersionDate "2013.06.25"]
[SourceQuality "1"]

1. e4 c5 2. Nc3 e6 3. Nf3 Nc6 4. d4 cxd4 5. Nxd4 Qc7 6. Be3 a6 7. f4 b5 8. Bd3 Bb7 9. Nb3 d6 10. Qf3 Nf6 11. 0-0 Be7 12. Qh3 h5 13. Kh1 Nb4 14. Rac1 Ng4 15. Bg1 Nxd3 16. cxd3 Qd7 17. Nd4 Bf6 18. Nce2 g6 19. Rc2 0-0 20. Ng3 Bg7 21. f5 exf5 22. Ndxf5 Rac8 23. Nxh5 Rxc2 24. Qxg4 Bc8 25. Nhxg7 Qc7 26. Qg5 1-0

[Event "Sarajevo Bosna op-A 43rd"]
[Site "Sarajevo"]
[Date "2013.06.06"]
[Round "7"]
[White "Bejtovic, Jasmin"]
[Black "Jakovljevic, Vlado"]
[Result "1/2-1/2"]
[WhiteElo "2397"]
[BlackElo "2440"]
[PlyCount "67"]
[EventDate "2013.06.01"]
[EventType "swiss"]
[EventRounds "9"]
[EventCountry "BIH"]
[SourceTitle "CBM 154 Extra"]
[Source "ChessBase"]
[SourceDate "2013.06.25"]
[SourceVersion "2"]
[SourceVersionDate "2013.06.25"]
[SourceQuality "1"]

1. e4 c5 2. Nf3 d6 3. d4 cxd4 4. Nxd4 Nf6 5. Nc3 a6 6. Bc4 e6 7. Bb3 b5 8. 0-0 Be7 9. Qf3 Qb6 10. Be3 Qb7 11. Qg3 b4 12. Na4 Nbd7 13. f3 0-0 14. Rfd1 Ne5 15. Nb6 Nh5 16. Qh3 Qxb6 17. Qxh5 Qc7 18. c3 bxc3 19. Rac1 Bd7 20. Rxc3 Qb7 21. f4 g6 22. Qh3 Nc6 23. Nxc6 Bxc6 24. Bd4 h5 25. f5 Bxe4 26. fxg6 Bxg6 27. Rg3 Kh7 28. Bc2 Qd5 29. Bf2 Qe5 30. Re1 Qf6 31. Rf3 Qg5 32. Rg3 Qf6 33. Rf3 Qg5 34. Rg3 1/2-1/2

[Event "Sarajevo Bosna op-A 43rd"]
[Site "Sarajevo"]
[Date "2013.06.05"]
[Round "6"]
[White "Cabarkapa, Novak"]
[Black "Bejtovic, Jasmin"]
[Result "1/2-1/2"]
[WhiteElo "2341"]
[BlackElo "2397"]
[PlyCount "67"]
[EventDate "2013.06.01"]
[EventType "swiss"]
[EventRounds "9"]
[EventCountry "BIH"]
[SourceTitle "CBM 154 Extra"]
[Source "ChessBase"]
[SourceDate "2013.06.25"]
[SourceVersion "2"]
[SourceVersionDate "2013.06.25"]
[SourceQuality "1"]

1. e4 c5 2. Nc3 e6 3. f4 a6 4. d3 b5 5. g3 Bb7 6. Bg2 d5 7. Qe2 Nc6 8. Nf3 dxe4 9. Nxe4 Be7 10. c3 Nf6 11. Be3 Nxe4 12. dxe4 0-0 13. 0-0 Qc7 14. a4 c4 15. Qf2 Qc8 16. Nd4 Nxd4 17. Bxd4 Bc6 18. Qe2 bxa4 19. f5 exf5 20. exf5 Bxg2 21. Kxg2 Re8 22. Qf3 Rb8 23. Rf2 Bf8 24. f6 g6 25. Rxa4 Rb5 26. Qd1 h5 27. h3 Re4 28. Ra1 Qb7 29. Kg1 Rxb2 30. Rxb2 Qxb2 31. Rxa6 Qb8 32. Bf2 Qc8 33. Ra5 Re8 34. Kg2 1/2-1/2